Statistics for Songs with capital cities in the title

Click here to take the quiz!

General Stats

  • This quiz has been taken 31 times
  • The average score is 8 of 18

Answer Stats

Band or ArtistSongYear% Correct
The Clash{London} Calling1979
88%
Morcheeba{Rome} Wasn't Built In A Day2000
80%
Ronnie Hilton A Windmill in Old {Amsterdam}1965
76%
One Direction{Stockholm} Syndrome2014
68%
Murray HeadOne Night in {Bangkok}1984
52%
UB40{Kingston} Town1989
48%
MadnessNight Boat to {Cairo}1979
48%
Danny KayeWonderful {Copenhagen}1953
48%
Deep PurpleWoman from {Tokyo}1973
40%
Joni MitchellFree Man in {Paris}1974
36%
The ChieftainsThe Rocky Road to {Dublin}1995
36%
PrinceWall of {Berlin}2009
32%
OutKastBombs over {Baghdad}2000
28%
Michael JacksonStranger in {Moscow}1996
24%
ShakiraTe dejo {Madrid}2002
20%
Gloria EstefanMiss Little {Havana}2011
16%
PassengersMiss {Sarajevo}1995
16%
Roger WatersLeaving {Beirut}2004
0%

Score Distribution

Percentile by Number Answered

Percent of People with Each Score

Your Score History

You have not taken this quiz